000 00667cab a2200205 4500
001 ABS43526
008 090401t1990 xxu||||| |||| 00| 0 eng d
035 _a(Sirsi) u42214
041 _aeng
100 _aTurner, R.
245 _aDoing the groundwork on contaminated sites
260 _c1990
350 _a0
490 _aPlanning (for the Natural and Built Environment)
_v(889) 5 October 1990, 22-23(2)
520 _aExplains how Luton BCs planning department has learnt to deal with contaminated land in the absence of comprehensive advice from central government.
650 _aLOCAL AUTHORITIES
690 _aLAND
942 _n0
948 _c04/03/1997
999 _c27115
_d27115